000 00937nac a22002657a 4500
001 BR8901139
003 BR-BrBNA
005 20240105120920.0
008 230509b bl.|||m| |||| 00| 0 por d
040 _aBR-BrBNA
_bpor
_cBiblioteca Nacional de Agricultura
072 _aF61; F04
090 _a0316 BR8901139
100 1 _aPinheiro, C.U.B.
100 1 _aAraujo Neto, A.
110 1 _aEmpresa Maranhense de Pesquisa Agropecuaria, Sao Luis, MA (Brasil)
_94228
245 1 _aTeste comparativo entre a germinacao de frutos inteiros e amendoas de babacu (Orbignya phalerata Martins)em vermiculita
260 3 _aSao Luis, MA (Brasil):
_c1987.
300 _a6 p.
490 _aPesquisa em Andamento - Empresa Maranhense de Pesquisa Agropecuaria (Brazil)
_vno. 29
_xISSN 0101-6520
650 _aBABACU
650 _aGERMINACAO
650 _aVERMICULITA
909 _a202312
_bLúcia Elande
_c55
_dLúcia Elande
942 _2AGRIS
_n0
_cMS
999 _c282166
_d282166